| 000 | 00391nam a2200145Ia 4500 | ||
|---|---|---|---|
| 008 | 151213s9999 xx 000 0 und d | ||
| 100 | _aV.A.Shohane | ||
| 245 |
_aFocus On Forster ``A Passage to India'' _cV.A.Shohane |
||
| 260 |
_aIndia _bOrient Longman _c1975 |
||
| 300 | _a8864 p. | ||
| 650 | _aEnglish Literature | ||
| 650 | _aEnglish Literature | ||
| 700 | _aV.A.Shohane | ||
| 999 |
_c4649 _d4649 |
||